Most expensive football transfers - Born in 1986 - Statistics

General Stats
  • This quiz has been taken 23 times
  • The average score is 9 of 10
Answer Stats
Fee (M €) Season Nationality Left Joined Player % Correct
56,00 2016-2017 Brazil Zenit S-Pb Shanghai SIPG Hulk
100%
40,00 2012-2013 Brazil FC Porto Zenit S-Pb Hulk
100%
43,00 2013-2014 Colombia Atlético Madrid Monaco Radamel Falcao
100%
40,00 2011-2012 Colombia FC Porto Atlético Madrid Radamel Falcao
100%
37,00 2010-2011 Bosnia and Herzegovina VfL Wolfsburg Manchester City Edin Dzeko
95%
28,75 2010-2011 Spain Valencia Manchester City David Silva
91%
30,00 2011-2012 Germany FC SChalke 04 Bayern Munich Manuel Neuer
91%
42,00 2015-2016 Colombia Atlético Madrid Guangzhou Evergrande Jackson Martínez
64%
35,00 2015-2016 Colombia FC Porto Atlético Madrid Jackson Martínez
64%
33,30 2015-2016 Colombia Sevilla FC AC Milan Carlos Bacca
59%
No matching quizzes found
Score Distribution
Percent of People with Each Score
Percentile by Number Answered
Your Score History
You have not taken this quiz